00278nam a2200121Ia 4500100001600000650001900016366000700035654001900042245003200061260002300093082001700116546002300133 aKhurmi/R.S  aMachine Design f14 amachine design aText book of Machine Design bS.Chand & C0c2005 a621.815bKHU aENGLISHcInfo.Tech